000 00692nam a22002417a 4500
003 UA-OsUOA
001 30554
007 ta
008 20041111b un ||||| |||| 00| 0 ukr d
100 _aСтолбов В.
090 _a821:929()365
_bС81
942 _cBK
040 _aUA-OsUOA
_brus
_cUA-OsUOA
_dUA-OsUOA
245 _aПути и жизни
_bО творчестве популярных латиноамериканских писателей
_cРец. Н. Б.Томашевский
300 _a319 с.
955 _a0
041 _arus
080 _a821:929()365
260 _aМосква
_bХудож. лит.
_c1985
044 _aRU
650 7 _2UDC
999 _c316967
_d316967